000 00940nam a2200337 a 4500
003 AR-BaBNM
005 20251128204213.0
008 082120s2002 ||||||||||||||000 | spa||
020 _a950-560-012-7
040 _cAR-BaBNM
100 1 _aSan Martín de Duprat, Hebe
245 0 0 _aHacia el jardín maternal
_bdilemas y propuestas
250 _a3ª ed.
260 _aBuenos Aires
_bEdiciones Búsqueda
_c1989
300 _a171 p.
650 4 _aPRIMERA INFANCIA
650 4 _aLEGISLACION ESCOLAR
650 4 _aREGLAMENTACION ESCOLAR
650 4 _aHISTORIA DE LA EDUCACION
650 4 _aOBJETIVOS EDUCACIONALES
650 4 _aPRINCIPIOS EDUCACIONALES
650 4 _aRELACION FAMILIA-ESCUELA
650 4 _aACTIVIDADES RECREATIVAS
650 4 _aCREATIVIDAD
650 4 _aLACTANTES
653 _aJARDINES MATERNALES
700 1 _aMalajovich, Ana
700 1 _aWolodarsky Estrín, Silvia
942 _cBK
998 _cCarmen
999 _c6587
_d6587